Russische Postcensuur 1914-1918 : Stempelstudie (censorship) (Record no. 3049)

000 -LEADER
fixed length control field 00632nam a22000977a 4500
008 - FIXED-LENGTH DATA ELEMENTS--GENERAL INFORMATION
fixed length control field 200208b ||||| |||| 00| 0 eng d
100 ## - MAIN ENTRY--AUTHOR'S NAME
Author's Name Speeckaert, A.
245 ## - TITLE STATEMENT
Title Russische Postcensuur 1914-1918 : Stempelstudie (censorship)
260 ## - PUBLICATION, DISTRIBUTION, ETC. (IMPRINT)
Place of publication, distribution, etc. St. Niklass, [Belgium]
Name of publisher, distributor, etc. Kon. Postzegelvereniging van het Land van Waas
Date of publication, distribution, etc. 1986
650 ## - TOPICAL TERM (Tag)
Topical term or geographic name Russia (-1917) | Germany -- Occupation of Russia | Union of Soviet Socialist Republics (1917-1991) | World War I, 1914-1918 | Censored Mail | Military Mail | Military Censorship | Prisoner-of-War and Internee Mail | Postal Markings | Postal History | Post Offices | Bibliographies | Russian Related | Finland
Holdings
Withdrawn status Lost status Source of classification or shelving scheme Damaged status Koha normalized classification for sorting Not for loan Permanent Location Current Location Shelving location Date acquired Total Checkouts Full call number Barcode Date last seen Copy number Price effective from Public note
        G7001 C396 S742   Northern Philatelic Library Northern Philatelic Library General Stacks 02/08/2020   G7001 C396 S742 1005461 02/08/2020 1 02/08/2020 Text in Dutch

Powered by Koha